| 000 | 00459nam a22001817a 4500 | ||
|---|---|---|---|
| 999 |
_c10993 _d10993 |
||
| 003 | OSt | ||
| 008 | 210814b ||||| |||| 00| 0 eng d | ||
| 020 | _a9788184871234 | ||
| 082 |
_a006.3 _bMEK |
||
| 100 | G | _aMEHROTRA, S.C. | |
| 245 | _aKnowledge Engineering | ||
| 250 | _aEd | ||
| 260 |
_aNew Delhi _bNarosa Pub. _c2011 |
||
| 300 | _a318 | ||
| 650 | _aGeneral | ||
| 700 | _aDESHMUKH, Ratnadeep R, DESHMUKH,Sachin N and MANZA, Ramesh R | ||
| 942 |
_2ddc _cBK |
||